La Industrial + : Per un recinte de l'Escola Industrial més verd, més sostenible i més obert a la ciutadania i a la innovació Per un recinte de l'Escola Industrial més verd, més sostenible i més obert a la ciutadania i a la innovació
Descripción Física:
[30] pàg. ; il·lustracions color ; 30 x 21 cm
Idioma:
Catalán
MARC
| LEADER | 00000nam a22000007a 4500 | ||
|---|---|---|---|
| 001 | 28803 | ||
| 003 | AGDB | ||
| 005 | 20260324181530.0 | ||
| 008 | 240318b spa||||| |||| 00| 0 cat d | ||
| 017 | |a B 22396-2024 | ||
| 040 | |a agdb |b cat | ||
| 245 | |a La Industrial + : |b Per un recinte de l'Escola Industrial més verd, més sostenible i més obert a la ciutadania i a la innovació | ||
| 260 | |a Barcelona : |b Diputació de Barcelona ; |c 2024 | ||
| 300 | |a [30] pàg. ; |b il·lustracions color ; |c 30 x 21 cm | ||
| 650 | 0 | |a Recinte de l'Escola Industrial (Barcelona) |v Projectes |9 70587 | |
| 655 | 0 | |a Fulletons |9 55858 | |
| 710 | 1 | |a Barcelona (Catalunya : Província). |b Diputació |9 52408 | |
| 942 | |c ARXIU |2 udc |n 1 | ||
| 952 | |0 0 |1 0 |4 0 |6 FU7829 |7 1 |9 97977 |a Arxiu |b Arxiu |d 2025-04-16 |l 0 |o FU-78-29 |p 28803 |r 2025-04-16 00:00:00 |w 2025-04-16 |y ARXIU | ||
| 999 | |c 129766 |d 129766 | ||